Visualizzazione normale
Vista MARC
- Vittorio Messori
di Personal Name
Records bibliografici associati: 2
001 - CONTROL NUMBER
- control field: 34305
003 - CONTROL NUMBER IDENTIFIER
- control field: IT-RoPau
005 - DATE AND TIME OF LATEST TRANSACTION
- control field: 20150504223245.0
008 - FIXED-LENGTH DATA ELEMENTS
- fixed length control field: 150504|| aca||aabn | a|a d
040 ## - CATALOGING SOURCE
- Original cataloging agency: IT-RoPau
- Transcribing agency: IT-RoPau
100 ## - HEADING--PERSONAL NAME
- Personal name: Vittorio Messori
670 ## - SOURCE DATA FOUND
- Source citation: Work cat.: (IT-RoPau)8457: Alessandro Mondadori 34304, Conversione - Una storia personale